| 000 | 00784nas a2200265 4500 | ||
|---|---|---|---|
| 001 | BR7900511 | ||
| 003 | BR-BrBNA | ||
| 005 | 20231205083621.0 | ||
| 007 | ta | ||
| 008 | 230509b bl.|||p| |||| 00| 00por d | ||
| 040 |
_aBR-BrBNA _bpor _cBiblioteca Nacional de Agricultura |
||
| 041 | _a(Pt) | ||
| 072 | _aF22; U10 | ||
| 100 | 1 | _aDella Libera, C.L.F. | |
| 100 | 1 | _aCorsini, P.C. | |
| 100 | 1 | _aPerecin, D. | |
| 245 | 1 | _aGeneralizacao da equacao do avanco da frente de molhamento em tres grandes grupos de solos | |
| 650 | _aMATEMATICA | ||
| 650 | _aINFILTRACAO | ||
| 650 | _aEQUACAO | ||
| 650 | _aUMIDADE DO SOLO | ||
| 773 | 0 |
_tCientifica (Brazil) _xISSN 0100-0039 _g(1978), v. 6(1) p. 47-51 _wBR7900511 |
|
| 909 |
_a202311 _bLúcia _c55 _dLúcia Elande |
||
| 942 |
_2AGRIS _n0 _cANA |
||
| 999 |
_c100079 _d100079 |
||